Baldur's Gate 2 Party Members - Statistics

General Stats
  • This quiz has been taken 135 times
  • The average score is 11 of 16
Answer Stats
Hint Answer % Correct
True Neutral Half-Elf Fighter/Druid Jaheira
94%
Chaotic Good Human Ranger Minsc
93%
Neutral Good Human Thief/Mage Imoen
81%
Neutral Evil Drow Cleric Viconia DeVir
75%
Lawful Evil Human Conjurer Edwin Odesseiron
74%
Lawful Good Avariel Cleric/Mage Aerie
71%
Chaotic Neutral Gnome Theif/Illusionist Jan Jansen
68%
Lawful Neutral Fighter/Cleric Anomen Delryn
64%
Lawful Good Human Inquisitor Keldorn Firecam
64%
True Neutral Human Bounty Hunter Yoshimo
64%
Chaotic Evil Dwarf Berserker Korgan Bloodaxe
63%
True Neutral Human Shapeshifter Cernd
61%
Lawful Good Halfling Fighter Mazzy Fentan
59%
Neutral Good Human Thief/Mage Nalia de'Arnise
58%
Neutral Good Human Stalker Valygar
55%
Chaotic Neutral Tiefling Blade(Bard) Haer'Dalis
54%
No matching quizzes found
Score Distribution
Percent of People with Each Score
Percentile by Number Answered
Your Score History
You have not taken this quiz